000 01502nam a2200373 i 4500
001 000013624
003 DO-SdBNP
005 20250502073819.0
006 a||||gr|||| 00| 0
007 ta
008 091126e1981 dr 001 e spa d
040 _aDO-SdBNP
_bspa
_cBNPHU
_erda
082 4 _bP349e
_222
100 1 _aPeña Batlle, Manuel Arturo
_923316
_eautor
245 1 0 _aEnsayos en torno a la constitución de 1844 /
_cManuel Arturo Peña Batlle, Malaquía Gil Arantegrui, Javier Malagón Barceló, Néstor Contín Aybar, Vetilio Alfau Durán...[y otros]; prólogo, José María Hernández E.
264 _aSanto Domingo :
_bONAP,
_c1981.
300 _a127 páginas ;
_c21 cm.
336 _2rdacontent
_atexto
_btxt
337 _2rdamedia
_asin mediación
_bn
338 _2rdacarrier
_avolumen
_bnc
490 1 _aEstudios Jurídico ;
_v9
500 _aIncluye notas al pie de páginas.
504 _aBibliografía, página 113
590 _aInventariado 2023 / MF
700 1 _aGil Arantegui, Malaquías,
_d1912-1988
_eautor
_976489
700 1 _aMalagón Barceló, Javier,
_931024
_eautor
700 1 _aCotín Aybar, Néstor,
_931025
_dautor
700 1 _aAlfau Durán, Vetilio,
_d1909-1985
_eautor
_910091
700 1 _aCampillo Pérez, Julio G.
_931026
_eautor
700 1 _aAmaro Guzmán, Raymundo
_eautor
_9656
700 1 _aHernández E., José María,
_eprólogo
_931027
710 1 _aRepública Dominicana.
_bOficina Nacional de Administración y Personal
_926398
942 _2ddc
_cLBS1
999 _c13238
_d13238